[Event "17. Obert Pobla de Lillet 2007"]
[Site "La Pobla de Lillet ESP"]
[Date "2007.08.02"]
[Round "1.1"]
[White "Kogan, Artur"]
[Black "Garcia Garrido, Enric"]
[Result "1-0"]
[WhiteElo "2569"]
[BlackElo "2011"]
[PlyCount "95"]
[EventDate "2007.08.02"]
[EventType "swiss"]
[EventRounds "9"]
[EventCountry "ESP"]
[SourceTitle "Ajedrez en Madrid"]
[Source "lmi"]
[SourceDate "2007.08.02"]
[SourceVersion "1"]
[SourceVersionDate "2020.06.30"]
[SourceQuality "1"]

1. e4 e5 2. Nf3 Nf6 3. d4 Nxe4 4. Bd3 Nc6 5. Nxe5 Nxe5 6. dxe5 d5 7. exd6 Nxd6
8. O-O Be6 9. Bd2 Be7 10. Qh5 g6 11. Qh6 Bf8 12. Qf4 Bg7 13. Bc3 O-O 14. Rd1
Qe7 15. a4 Rfe8 16. h3 Bf5 17. Bxg7 Kxg7 18. Nc3 Bxd3 19. Rxd3 Qe5 20. Qxe5+
Rxe5 21. a5 a6 22. Nd5 Rc8 23. Kf1 Ne8 24. Re1 Rxe1+ 25. Kxe1 Nf6 26. Ne3 Re8
27. Rb3 Rb8 28. Nc4 Nd7 29. Kd2 Nc5 30. Re3 Rd8+ 31. Kc1 Kf6 32. Ne5 h5 33. b4
Ne6 34. Nd3 b6 35. Rf3+ Kg7 36. Ne5 f6 37. Nc6 Rd5 38. Ra3 bxa5 39. Rxa5 Rxa5
40. bxa5 Kf8 41. Kd2 Nc5 42. Kc3 Nb7 43. Kb4 Ke8 44. Nb8 c5+ 45. Ka4 Ke7 46.
Nxa6 Kd6 47. Kb5 c4 48. Nb4 1-0

[Event "17. Obert Pobla de Lillet 2007"]
[Site "La Pobla de Lillet ESP"]
[Date "2007.08.02"]
[Round "1.2"]
[White "Ayza Casamitjana, Antoni"]
[Black "Mirzoev, Azer"]
[Result "0-1"]
[WhiteElo "2010"]
[BlackElo "2551"]
[PlyCount "66"]
[EventDate "2007.08.02"]
[EventType "swiss"]
[EventRounds "9"]
[EventCountry "ESP"]
[SourceTitle "Ajedrez en Madrid"]
[Source "lmi"]
[SourceDate "2007.08.02"]
[SourceVersion "1"]
[SourceVersionDate "2020.06.30"]
[SourceQuality "1"]

1. e4 c5 2. Nf3 a6 3. d4 cxd4 4. Nxd4 Nf6 5. Nc3 e5 6. Nf3 Bb4 7. Bd3 d5 8. Nd2
Bg4 9. f3 Be6 10. O-O O-O 11. exd5 Nxd5 12. Nxd5 Bxd5 13. Qe2 Nc6 14. c3 Bc5+
15. Kh1 f5 16. Nb3 Ba7 17. Be3 Bxe3 18. Qxe3 Qh4 19. Rad1 Rad8 20. Bc2 Bc4 21.
Rfe1 g6 22. Qc5 Bf7 23. Nc1 h5 24. Bb3 Bxb3 25. Nxb3 Rxd1 26. Rxd1 Rd8 27.
Rxd8+ Qxd8 28. Qc4+ Kg7 29. h3 Qd6 30. Nc5 b5 31. Ne6+ Kf6 32. Qh4+ Kxe6 33.
Qg5 Ne7 0-1

[Event "17. Obert Pobla de Lillet 2007"]
[Site "La Pobla de Lillet ESP"]
[Date "2007.08.02"]
[Round "1.3"]
[White "Movsziszian, Karen"]
[Black "Flores Vallcorba, Josep"]
[Result "1-0"]
[WhiteElo "2534"]
[BlackElo "1955"]
[PlyCount "33"]
[EventDate "2007.08.02"]
[EventType "swiss"]
[EventRounds "9"]
[EventCountry "ESP"]
[SourceTitle "Ajedrez en Madrid"]
[Source "lmi"]
[SourceDate "2007.08.02"]
[SourceVersion "1"]
[SourceVersionDate "2020.06.30"]
[SourceQuality "1"]

1. e4 d5 2. exd5 Qxd5 3. Nc3 Qa5 4. d4 c6 5. Bc4 Nf6 6. Nf3 Bf5 7. Bd2 Qd8 8.
Qe2 e6 9. O-O-O b5 10. Nxb5 cxb5 11. Bxb5+ Nbd7 12. d5 Rc8 13. Nd4 Bxc2 14.
Nxc2 Nxd5 15. Ba5 Qg5+ 16. Kb1 Bc5 17. Rxd5 1-0

[Event "17. Obert Pobla de Lillet 2007"]
[Site "La Pobla de Lillet ESP"]
[Date "2007.08.02"]
[Round "1.5"]
[White "Moser, Eva"]
[Black "Reynes Gonzalez, Miguel"]
[Result "1-0"]
[WhiteElo "2424"]
[BlackElo "1949"]
[PlyCount "49"]
[EventDate "2007.08.02"]
[EventType "swiss"]
[EventRounds "9"]
[EventCountry "ESP"]
[SourceTitle "Ajedrez en Madrid"]
[Source "lmi"]
[SourceDate "2007.08.02"]
[SourceVersion "1"]
[SourceVersionDate "2020.06.30"]
[SourceQuality "1"]

1. g3 Nf6 2. Bg2 d5 3. Nf3 g6 4. c4 dxc4 5. Qa4+ c6 6. Qxc4 Bg7 7. O-O O-O 8.
d4 Qb6 9. Nc3 Be6 10. Qa4 Rd8 11. h3 Na6 12. e4 Qb4 13. Qc2 Nc7 14. Bd2 Qb6 15.
Na4 Qb5 16. Nc5 Nd7 17. Nxe6 Nxe6 18. Be3 Nb6 19. Rfd1 Rd7 20. Bf1 Qh5 21. g4
Qa5 22. a4 Qb4 23. a5 Nc8 24. e5 a6 25. Ra4 1-0

[Event "17. Obert Pobla de Lillet 2007"]
[Site "La Pobla de Lillet ESP"]
[Date "2007.08.02"]
[Round "1.6"]
[White "Vegara Gallego, Pere"]
[Black "Wohl, Aleksandar H"]
[Result "0-1"]
[WhiteElo "1932"]
[BlackElo "2423"]
[PlyCount "64"]
[EventDate "2007.08.02"]
[EventType "swiss"]
[EventRounds "9"]
[EventCountry "ESP"]
[SourceTitle "Ajedrez en Madrid"]
[Source "lmi"]
[SourceDate "2007.08.02"]
[SourceVersion "1"]
[SourceVersionDate "2020.06.30"]
[SourceQuality "1"]

1. e4 c5 2. Nf3 Nf6 3. d3 d5 4. exd5 Nxd5 5. Be2 Nc6 6. Bd2 e5 7. Nc3 Nc7 8.
O-O Be7 9. Re1 O-O 10. Bf1 f6 11. g3 Bg4 12. Bg2 Qd7 13. Qc1 Rad8 14. Ne4 f5
15. Nc3 e4 16. Nh4 Bxh4 17. gxh4 Nd4 18. Bg5 Nf3+ 19. Bxf3 Bxf3 20. Re3 f4 21.
Rxf3 exf3 22. Kh1 Rfe8 23. Qd2 Nd5 24. Ne4 h6 25. Bxh6 gxh6 26. c4 Ne3 27. fxe3
Rxe4 28. Rg1+ Kh7 29. Qc2 fxe3 30. dxe4 f2 31. e5+ Kh8 32. Rf1 Qc6+ 0-1

[Event "17. Obert Pobla de Lillet 2007"]
[Site "La Pobla de Lillet ESP"]
[Date "2007.08.02"]
[Round "1.7"]
[White "Matnadze, Ana"]
[Black "Cerdans Costa, Ferran"]
[Result "1-0"]
[WhiteElo "2409"]
[BlackElo "1926"]
[PlyCount "67"]
[EventDate "2007.08.02"]
[EventType "swiss"]
[EventRounds "9"]
[EventCountry "ESP"]
[SourceTitle "Ajedrez en Madrid"]
[Source "lmi"]
[SourceDate "2007.08.02"]
[SourceVersion "1"]
[SourceVersionDate "2020.06.30"]
[SourceQuality "1"]

1. d4 Nf6 2. Nf3 e6 3. c4 d5 4. g3 b6 5. Bg2 Bb7 6. O-O Nbd7 7. Ne5 Bd6 8. Qa4
O-O 9. Bf4 Bxe5 10. dxe5 Ng4 11. cxd5 exd5 12. e6 fxe6 13. Bxc7 Qxc7 14. Qxg4
Rf6 15. Nc3 Ne5 16. Qd4 Nc6 17. Qd2 Rd8 18. Rac1 Qe5 19. f4 Qd4+ 20. Qxd4 Nxd4
21. Rfd1 Nf5 22. Kf2 Rff8 23. Bf3 Nd6 24. Rd4 Rfe8 25. Rcd1 Nf5 26. R4d2 Rc8
27. e4 dxe4 28. Nxe4 Rc4 29. Ng5 Bxf3 30. Nxf3 Rcc8 31. Ne5 Ne7 32. Rd7 Nd5 33.
Rd2 Re7 34. R2xd5 1-0

[Event "17. Obert Pobla de Lillet 2007"]
[Site "La Pobla de Lillet ESP"]
[Date "2007.08.02"]
[Round "1.8"]
[White "Marca Esturnell, Josep Maria"]
[Black "Asis Gargatagli, Hipolit"]
[Result "0-1"]
[WhiteElo "1952"]
[BlackElo "2374"]
[PlyCount "62"]
[EventDate "2007.08.02"]
[EventType "swiss"]
[EventRounds "9"]
[EventCountry "ESP"]
[SourceTitle "Ajedrez en Madrid"]
[Source "lmi"]
[SourceDate "2007.08.02"]
[SourceVersion "1"]
[SourceVersionDate "2020.06.30"]
[SourceQuality "1"]

1. d4 d5 2. Nf3 Nc6 3. g3 Bg4 4. Bg2 Qd7 5. h3 Bh5 6. c3 f6 7. Qa4 e5 8. dxe5
Nxe5 9. Qxd7+ Nxd7 10. Nd4 c6 11. Ne6 Kf7 12. Nf4 Bg6 13. Be3 Bd6 14. Na3 Ne7
15. Rd1 Nb6 16. Nxg6 hxg6 17. Nc2 Nc4 18. Bc1 Be5 19. O-O f5 20. e4 dxe4 21.
Rd7 Rab8 22. Bg5 Bf6 23. Bxf6 gxf6 24. b3 Ne5 25. Rd6 Rhd8 26. Rfd1 Rxd6 27.
Rxd6 Nd5 28. c4 Ke7 29. c5 Nd3 30. b4 N5xb4 31. Nd4 Nxc5 0-1

[Event "17. Obert Pobla de Lillet 2007"]
[Site "La Pobla de Lillet ESP"]
[Date "2007.08.02"]
[Round "1.9"]
[White "Guramishvili, Sopiko"]
[Black "Girona Campi, Joan"]
[Result "1-0"]
[WhiteElo "2273"]
[BlackElo "1916"]
[PlyCount "91"]
[EventDate "2007.08.02"]
[EventType "swiss"]
[EventRounds "9"]
[EventCountry "ESP"]
[SourceTitle "Ajedrez en Madrid"]
[Source "lmi"]
[SourceDate "2007.08.02"]
[SourceVersion "1"]
[SourceVersionDate "2020.06.30"]
[SourceQuality "1"]

1. d4 Nf6 2. c4 g6 3. Nc3 Bg7 4. e4 O-O 5. Nf3 d6 6. h3 Nbd7 7. Bg5 c5 8. d5 h6
9. Be3 Qa5 10. Bd3 Ne8 11. O-O Kh7 12. Qc2 Ndf6 13. Rfe1 Ng8 14. Bd2 a6 15. e5
dxe5 16. Nxe5 Nd6 17. Nb5 Qd8 18. Nxd6 exd6 19. Nf3 Bd7 20. Bc3 Nf6 21. a4 Rb8
22. Nd2 b5 23. axb5 axb5 24. Ra7 b4 25. Bxf6 Bxf6 26. Ne4 Be5 27. Nxc5 Bxh3 28.
Bxg6+ Kh8 29. gxh3 Qg5+ 30. Kf1 dxc5 31. Be4 Rbe8 32. Ra6 Qh4 33. Bf5 Bd4 34.
Rxe8 Rxe8 35. Qd2 Kg7 36. d6 Rd8 37. d7 Bf6 38. b3 Bc3 39. Qe2 Bd4 40. Rc6 Qf4
41. Qg4+ Qg5 42. Rc8 Bf6 43. Rxc5 Kf8 44. Qxg5 hxg5 45. Rc8 Ke7 46. c5 1-0

[Event "17. Obert Pobla de Lillet 2007"]
[Site "La Pobla de Lillet ESP"]
[Date "2007.08.02"]
[Round "1.10"]
[White "Jimenez Sanchez, Juan Rafael"]
[Black "Ayza Ballester, Jordi"]
[Result "0-1"]
[WhiteElo "1883"]
[BlackElo "2254"]
[PlyCount "73"]
[EventDate "2007.08.02"]
[EventType "swiss"]
[EventRounds "9"]
[EventCountry "ESP"]
[SourceTitle "Ajedrez en Madrid"]
[Source "lmi"]
[SourceDate "2007.08.02"]
[SourceVersion "1"]
[SourceVersionDate "2020.06.30"]
[SourceQuality "1"]

1. c4 c5 2. g3 g6 3. Bg2 Bg7 4. Nf3 Nc6 5. O-O e5 6. Nc3 Nge7 7. d3 d6 8. h3
O-O 9. Bd2 h6 10. Qc1 Kh7 11. Ne1 Be6 12. f4 Qc7 13. Kh2 f5 14. Nf3 Rae8 15.
fxe5 dxe5 16. Nh4 b6 17. b3 Rd8 18. Be3 g5 19. Nf3 f4 20. Bf2 Nd4 21. Nxd4 exd4
22. Ne4 Be5 23. Rh1 Nf5 24. Qe1 Ne3 25. Rc1 Nxg2 26. Kxg2 Bf5 27. g4 Bxe4+ 28.
dxe4 Rfe8 29. Qd2 Bf6 30. Qd3 Re5 31. Rhf1 Rde8 32. Rce1 Qd6 33. Bg1 Kg7 34.
Rf3 Rh8 35. Bf2 h5 36. gxh5 Rxh5 37. Rh1 0-1

[Event "17. Obert Pobla de Lillet 2007"]
[Site "La Pobla de Lillet ESP"]
[Date "2007.08.02"]
[Round "1.15"]
[White "Capellades Subirana, Marc"]
[Black "Moya Arau, Carles"]
[Result "1/2-1/2"]
[WhiteElo "2112"]
[BlackElo "1843"]
[PlyCount "86"]
[EventDate "2007.08.02"]
[EventType "swiss"]
[EventRounds "9"]
[EventCountry "ESP"]
[SourceTitle "Ajedrez en Madrid"]
[Source "lmi"]
[SourceDate "2007.08.02"]
[SourceVersion "1"]
[SourceVersionDate "2020.06.30"]
[SourceQuality "1"]

1. e4 c5 2. Nf3 d6 3. d4 cxd4 4. Nxd4 Nf6 5. Nc3 a6 6. Be2 b5 7. Bf3 e5 8. Nde2
Be6 9. O-O Be7 10. Ng3 Nbd7 11. Bg5 h6 12. Be3 O-O 13. h3 Rc8 14. Qd2 Nb6 15.
Be2 Bc4 16. Nf5 Re8 17. Bd3 Be6 18. g4 d5 19. exd5 Nfxd5 20. Nxd5 Nxd5 21. Rad1
Nb4 22. Bxh6 Nxd3 23. Nxg7 Nxb2 24. Nxe8 Nxd1 25. Qe2 Bc4 26. Qxe5 f6 27. Qf5
Qxe8 28. Rxd1 Rd8 29. Re1 Qf7 30. Bf4 Bb4 31. Rb1 Bc3 32. a3 Re8 33. Be3 Qh7
34. Qxh7+ Kxh7 35. Rd1 Re6 36. Rd7+ Kg6 37. h4 f5 38. h5+ Kf6 39. g5+ Ke5 40.
h6 f4 41. h7 Kf5 42. Bd2 Be5 43. Rd8 Kxg5 1/2-1/2

[Event "17. Obert Pobla de Lillet 2007"]
[Site "La Pobla de Lillet ESP"]
[Date "2007.08.03"]
[Round "2.1"]
[White "Basas Gamazo, Josep"]
[Black "Kogan, Artur"]
[Result "0-1"]
[WhiteElo "2089"]
[BlackElo "2569"]
[PlyCount "98"]
[EventDate "2007.08.02"]
[EventType "swiss"]
[EventRounds "9"]
[EventCountry "ESP"]
[SourceTitle "Ajedrez en Madrid"]
[Source "lmi"]
[SourceDate "2007.08.02"]
[SourceVersion "1"]
[SourceVersionDate "2020.06.30"]
[SourceQuality "1"]

1. e4 c5 2. Nf3 d6 3. d4 Nf6 4. Nc3 cxd4 5. Nxd4 Bd7 6. f3 e5 7. Nb3 Bc6 8. Be3
Be7 9. Qd2 O-O 10. O-O-O a5 11. a4 Na6 12. Qf2 Qe8 13. Bb5 Nc7 14. Qe2 Nxb5 15.
Nxb5 Bxb5 16. Qxb5 Qxb5 17. axb5 a4 18. Nd2 Rfc8 19. Nb1 h6 20. Rd3 Kf8 21.
Rhd1 Ne8 22. Na3 Bd8 23. Kb1 Ke7 24. Rd5 Ba5 25. Bd2 Ke6 26. c3 f5 27. Be3 fxe4
28. fxe4 Bd8 29. b6 Rc6 30. c4 Bxb6 31. Bxb6 Rxb6 32. c5 Rc6 33. Nc4 Rxc5 34.
Rxc5 dxc5 35. Rd5 b5 36. Rxe5+ Kf7 37. Nb6 Ra6 38. Nd7 Rd6 39. Nxc5 Rd2 40. h4
Nd6 41. Rd5 Nxe4 42. Rxd2 Nxd2+ 43. Kc2 Nc4 44. Kc3 Kf6 45. g4 Ke5 46. Nxa4 Kd5
47. b3 bxa4 48. bxc4+ Kc5 49. h5 a3 0-1

[Event "17. Obert Pobla de Lillet 2007"]
[Site "La Pobla de Lillet ESP"]
[Date "2007.08.03"]
[Round "2.2"]
[White "Mirzoev, Azer"]
[Black "Garcia Miracle, Joan Josep"]
[Result "1-0"]
[WhiteElo "2551"]
[BlackElo "2082"]
[PlyCount "132"]
[EventDate "2007.08.02"]
[EventType "swiss"]
[EventRounds "9"]
[EventCountry "ESP"]
[SourceTitle "Ajedrez en Madrid"]
[Source "lmi"]
[SourceDate "2007.08.02"]
[SourceVersion "1"]
[SourceVersionDate "2020.06.30"]
[SourceQuality "1"]

1. c4 Nf6 2. Nc3 g6 3. g3 Bg7 4. Bg2 d6 5. e4 O-O 6. Nge2 c5 7. O-O Nc6 8. d3
Ne8 9. Be3 Rb8 10. d4 cxd4 11. Nxd4 Nc7 12. h3 a6 13. Rc1 Nxd4 14. Bxd4 Bxd4
15. Qxd4 b5 16. Nd5 bxc4 17. Rxc4 e5 18. Qd2 Nxd5 19. exd5 Bd7 20. Rfc1 Qb6 21.
b3 Rbc8 22. Rh4 Rxc1+ 23. Qxc1 f5 24. Rc4 Qb8 25. Qa3 Bb5 26. Rc3 e4 27. h4 Qd8
28. Qb4 Qe7 29. Qd4 Bd3 30. b4 Rb8 31. a3 Qg7 32. Qxg7+ Kxg7 33. Rc6 a5 34.
bxa5 Rb1+ 35. Kh2 Ra1 36. Rxd6 Rxa3 37. Rd7+ Kf6 38. Rxh7 Rxa5 39. g4 Rxd5 40.
Kg3 Ke5 41. Re7+ Kf6 42. Rc7 Bb5 43. g5+ Ke6 44. Rg7 Be8 45. Bf1 Rc5 46. Be2
Rc3+ 47. Kg2 f4 48. Bg4+ Kd6 49. Bd1 Rc7 50. Rg8 Re7 51. Bb3 e3 52. fxe3 fxe3
53. Kf1 Bb5+ 54. Ke1 Bd3 55. Bd1 Rh7 56. Re8 Bf5 57. Rxe3 Rxh4 58. Kf2 Re4 59.
Ra3 Ke5 60. Kg3 Rd4 61. Bf3 Rd6 62. Ra5+ Ke6 63. Kf4 Rd4+ 64. Ke3 Rd3+ 65. Kf2
Rd6 66. Be2 Rd5 1-0

[Event "17. Obert Pobla de Lillet 2007"]
[Site "La Pobla de Lillet ESP"]
[Date "2007.08.03"]
[Round "2.3"]
[White "Mila Tejera, Jordi"]
[Black "Movsziszian, Karen"]
[Result "0-1"]
[WhiteElo "2077"]
[BlackElo "2534"]
[PlyCount "76"]
[EventDate "2007.08.02"]
[EventType "swiss"]
[EventRounds "9"]
[EventCountry "ESP"]
[SourceTitle "Ajedrez en Madrid"]
[Source "lmi"]
[SourceDate "2007.08.02"]
[SourceVersion "1"]
[SourceVersionDate "2020.06.30"]
[SourceQuality "1"]

1. d4 Nf6 2. Bg5 c5 3. Bxf6 gxf6 4. d5 Qb6 5. Qc1 f5 6. e3 Bg7 7. c3 Na6 8. Nh3
h5 9. Be2 h4 10. Na3 Nc7 11. Nf4 Qh6 12. Qd2 d6 13. O-O-O Bd7 14. g3 hxg3 15.
hxg3 Qxh1 16. Rxh1 Rxh1+ 17. Kc2 b5 18. Nh5 Bh8 19. e4 fxe4 20. Qg5 O-O-O 21.
Qxe7 e3 22. Qxe3 Re8 23. Qf3 Re1 24. Nf4 c4 25. Qh5 Be5 26. Ng2 Rg1 27. Qf3 Bg7
28. Ne3 Bh6 29. b3 cxb3+ 30. axb3 Re5 31. Ng4 Bf5+ 32. Bd3 Bxd3+ 33. Qxd3 Rxd5
34. Nxh6 Rc1+ 35. Kxc1 Rxd3 36. Nxf7 Kd7 37. Kc2 Rf3 38. Nh6 Rxf2+ 0-1

[Event "17. Obert Pobla de Lillet 2007"]
[Site "La Pobla de Lillet ESP"]
[Date "2007.08.03"]
[Round "2.4"]
[White "Luther, Thomas"]
[Black "Canal Sala, Llorens"]
[Result "1-0"]
[WhiteElo "2529"]
[BlackElo "2072"]
[PlyCount "95"]
[EventDate "2007.08.02"]
[EventType "swiss"]
[EventRounds "9"]
[EventCountry "ESP"]
[SourceTitle "Ajedrez en Madrid"]
[Source "lmi"]
[SourceDate "2007.08.02"]
[SourceVersion "1"]
[SourceVersionDate "2020.06.30"]
[SourceQuality "1"]

1. e4 c6 2. d4 d5 3. Nd2 dxe4 4. Nxe4 Bf5 5. Ng3 Bg6 6. h4 h6 7. Nf3 Nd7 8. h5
Bh7 9. Bd3 Bxd3 10. Qxd3 e6 11. Bd2 Ngf6 12. O-O-O Qc7 13. Qe2 O-O-O 14. Kb1
Bd6 15. Nf1 Rhe8 16. c4 c5 17. Bc3 a6 18. N1d2 cxd4 19. Nxd4 Nc5 20. N4b3 e5
21. Ba5 b6 22. Bc3 Na4 23. Rc1 Nxc3+ 24. Rxc3 Bb4 25. Rc2 Bxd2 26. Nxd2 Qd7 27.
c5 b5 28. Ne4 Nxe4 29. Qxe4 Qd5 30. Qg4+ Qe6 31. Qxg7 Rg8 32. Qh7 Rxg2 33. Qe4
Qd5 34. Qf5+ Kc7 35. Re1 Rg5 36. Qf6 Qe6 37. Qf3 Qd5 38. Qc3 Qc6 39. Rd2 Rxd2
40. Qxd2 Rxh5 41. Rd1 Qe4+ 42. Ka1 Rh1 43. Qd8+ Kb7 44. Qe7+ Kc8 45. Qe8+ Kc7
46. Qxf7+ Kc6 47. Qd7+ Kxc5 48. Qc7+ 1-0

[Event "17. Obert Pobla de Lillet 2007"]
[Site "La Pobla de Lillet ESP"]
[Date "2007.08.03"]
[Round "2.6"]
[White "Wohl, Aleksandar H"]
[Black "Lorca Cortada, David"]
[Result "1-0"]
[WhiteElo "2423"]
[BlackElo "2071"]
[PlyCount "87"]
[EventDate "2007.08.02"]
[EventType "swiss"]
[EventRounds "9"]
[EventCountry "ESP"]
[SourceTitle "Ajedrez en Madrid"]
[Source "lmi"]
[SourceDate "2007.08.02"]
[SourceVersion "1"]
[SourceVersionDate "2020.06.30"]
[SourceQuality "1"]

1. e4 c5 2. Nf3 d6 3. Bc4 Nf6 4. d3 g6 5. e5 d5 6. Bb3 Ng4 7. h3 Nh6 8. Nc3 e6
9. Bg5 Qa5 10. Bf6 Rg8 11. O-O Nc6 12. Ng5 Bg7 13. Nxh7 Nf5 14. Bxg7 Rxg7 15.
Nf6+ Kd8 16. f4 Bd7 17. Qe1 Kc7 18. a4 Rh8 19. Nb5+ Kd8 20. Qf2 g5 21. Qxc5
gxf4 22. Rxf4 b6 23. Qf2 Nxe5 24. Rxf5 exf5 25. Qf4 Qd2 26. Qxd2 Nf3+ 27. Kf2
Nxd2 28. Bxd5 Be6 29. Rd1 Rh6 30. Rxd2 Rxf6 31. Bf3 a6 32. Nc3 Rfg6 33. Nd5 Bd7
34. b3 Rd6 35. c4 b5 36. axb5 axb5 37. Ra2 Bc6 38. Ke3 f6 39. Kd4 bxc4 40. dxc4
Rb7 41. Kc5 Rbd7 42. b4 f4 43. Ra6 Rxd5+ 44. cxd5 1-0

[Event "17. Obert Pobla de Lillet 2007"]
[Site "La Pobla de Lillet ESP"]
[Date "2007.08.03"]
[Round "2.7"]
[White "Danelia, Mariam"]
[Black "Matnadze, Ana"]
[Result "0-1"]
[WhiteElo "2066"]
[BlackElo "2409"]
[PlyCount "174"]
[EventDate "2007.08.02"]
[EventType "swiss"]
[EventRounds "9"]
[EventCountry "ESP"]
[SourceTitle "Ajedrez en Madrid"]
[Source "lmi"]
[SourceDate "2007.08.02"]
[SourceVersion "1"]
[SourceVersionDate "2020.06.30"]
[SourceQuality "1"]

1. d4 Nf6 2. c4 e6 3. Nc3 Bb4 4. Qc2 d5 5. cxd5 Qxd5 6. Nf3 Qf5 7. Qxf5 exf5 8.
Bg5 Nbd7 9. e3 c6 10. Bd3 Ne4 11. O-O Nxg5 12. Nxg5 Nb6 13. a3 Be7 14. Nf3 a5
15. Nd2 Be6 16. b3 O-O 17. Nc4 Nd7 18. a4 g6 19. Bc2 Rfb8 20. Ne2 Bd8 21. Nf4
Bc7 22. Nxe6 fxe6 23. f4 Nf6 24. Ne5 Nd5 25. Kf2 Rd8 26. h4 c5 27. dxc5 Nb4 28.
Bd1 Bxe5 29. fxe5 Rd2+ 30. Kg1 Rc8 31. Bf3 Rxc5 32. Rac1 Nd3 33. Rxc5 Nxc5 34.
Rc1 b6 35. Rc4 Rb2 36. Bd1 Rb1 37. Rd4 Kf7 38. Kh2 Ke7 39. Rd6 Nd7 40. Be2 Nxe5
41. Rxb6 Rb2 42. Rb5 Kf6 43. Bc4 Ng4+ 44. Kg3 Nxe3 45. Rxa5 Nxc4 46. bxc4 Rb3+
47. Kf2 Rb4 48. Ra7 Rxc4 49. g3 h5 50. a5 Ke5 51. Rg7 Kf6 52. Ra7 Ra4 53. Ra8
Ke5 54. a6 Ke4 55. Rg8 Rxa6 56. Rxg6 Ra2+ 57. Kg1 Kf3 58. Rxe6 Kxg3 59. Rg6+
Kxh4 60. Rf6 Kg5 61. Rf8 h4 62. Rg8+ Kf4 63. Rh8 Kf3 64. Rg8 f4 65. Rb8 Rg2+
66. Kh1 Rg7 67. Rb3+ Ke2 68. Rb2+ Kd3 69. Rb3+ Ke4 70. Rb4+ Kf3 71. Rb3+ Kg4
72. Kg2 Re7 73. Rb8 Re2+ 74. Kg1 Kf3 75. Rh8 Re1+ 76. Kh2 Kf2 77. Ra8 f3 78.
Ra2+ Kf1 79. Kh1 f2 80. Kh2 Re3 81. Ra1+ Ke2 82. Ra2+ Kf3 83. Ra1 Re1 84. Ra3+
Ke4 85. Ra4+ Kd5 86. Ra5+ Kc4 87. Ra6 Kb5 0-1

[Event "17. Obert Pobla de Lillet 2007"]
[Site "La Pobla de Lillet ESP"]
[Date "2007.08.03"]
[Round "2.8"]
[White "Asis Gargatagli, Hipolit"]
[Black "Nogue Fajula, Joan"]
[Result "1/2-1/2"]
[WhiteElo "2374"]
[BlackElo "2066"]
[PlyCount "121"]
[EventDate "2007.08.02"]
[EventType "swiss"]
[EventRounds "9"]
[EventCountry "ESP"]
[SourceTitle "Ajedrez en Madrid"]
[Source "lmi"]
[SourceDate "2007.08.02"]
[SourceVersion "1"]
[SourceVersionDate "2020.06.30"]
[SourceQuality "1"]

1. d4 Nf6 2. c4 e6 3. Nc3 Bb4 4. e3 O-O 5. Nge2 b6 6. a3 Bxc3+ 7. Nxc3 Bb7 8.
Bd3 d6 9. O-O Nbd7 10. e4 e5 11. d5 h6 12. b4 a5 13. Rb1 axb4 14. axb4 Ba6 15.
Qe2 Qe7 16. Be3 Ra7 17. g3 Rfa8 18. f3 Nf8 19. Qb2 Bc8 20. Bc2 Bd7 21. Bb3 Qe8
22. Qf2 Ra3 23. Rfc1 Qb8 24. Bd1 Qe8 25. Be2 Ba4 26. c5 dxc5 27. bxc5 bxc5 28.
Bxc5 Rb3 29. Rxb3 Bxb3 30. Bb5 Qd8 31. Rb1 Bxd5 32. Nxd5 Nxd5 33. Rd1 Qb8 34.
Rxd5 Qxb5 35. Bxf8 Qb1+ 36. Qf1 Qxf1+ 37. Kxf1 Kxf8 38. Rxe5 Rc8 39. Ke2 f6 40.
Re6 Kf7 41. Rc6 Ke7 42. Ke3 Kd7 43. Rc5 c6 44. Ra5 Rc7 45. Kd4 Kd6 46. Ra8 Rd7
47. Rg8 Rc7 48. f4 Re7 49. Rc8 Kd7 50. Ra8 Kd6 51. Ra6 Rc7 52. e5+ fxe5+ 53.
fxe5+ Ke7 54. g4 Kf7 55. h4 Ke7 56. h5 Kf7 57. Ke4 Ke6 58. Rb6 Ke7 59. Kf5 Kf7
60. Ke4 c5 61. Kd3 1/2-1/2

[Event "17. Obert Pobla de Lillet 2007"]
[Site "La Pobla de Lillet ESP"]
[Date "2007.08.03"]
[Round "2.9"]
[White "Roman Bada, Javier"]
[Black "Guramishvili, Sopiko"]
[Result "0-1"]
[WhiteElo "2039"]
[BlackElo "2273"]
[PlyCount "40"]
[EventDate "2007.08.02"]
[EventType "swiss"]
[EventRounds "9"]
[EventCountry "ESP"]
[SourceTitle "Ajedrez en Madrid"]
[Source "lmi"]
[SourceDate "2007.08.02"]
[SourceVersion "1"]
[SourceVersionDate "2020.06.30"]
[SourceQuality "1"]

1. e4 c5 2. Nc3 a6 3. g3 b5 4. d3 Bb7 5. Bg2 e6 6. f4 Nf6 7. Qe2 b4 8. e5 Nc6
9. Ne4 Nxe4 10. dxe4 a5 11. Be3 a4 12. Qf2 Qa5 13. Ne2 b3+ 14. c3 a3 15. Nc1
axb2 16. Qxb2 c4 17. O-O Ba3 18. Nxb3 Bxb2 19. Nxa5 Nxa5 20. Rab1 Ba3 0-1

[Event "17. Obert Pobla de Lillet 2007"]
[Site "La Pobla de Lillet ESP"]
[Date "2007.08.03"]
[Round "2.10"]
[White "Ayza Ballester, Jordi"]
[Black "Dominguez Carmona, Miguel"]
[Result "1-0"]
[WhiteElo "2254"]
[BlackElo "2055"]
[PlyCount "87"]
[EventDate "2007.08.02"]
[EventType "swiss"]
[EventRounds "9"]
[EventCountry "ESP"]
[SourceTitle "Ajedrez en Madrid"]
[Source "lmi"]
[SourceDate "2007.08.02"]
[SourceVersion "1"]
[SourceVersionDate "2020.06.30"]
[SourceQuality "1"]

1. e4 c5 2. Nf3 e6 3. d4 cxd4 4. Nxd4 a6 5. Nc3 b5 6. a3 Qc7 7. Bd3 Nf6 8. Qe2
Bb7 9. O-O Nc6 10. Nxc6 Bxc6 11. Bg5 Be7 12. e5 Nd5 13. Nxd5 Bxd5 14. Bxe7 Kxe7
15. f4 g6 16. Qg4 Kf8 17. Rae1 Kg7 18. Rf2 Rhf8 19. h4 h5 20. Qg3 Qc6 21. Qg5
Bc4 22. g4 Bxd3 23. cxd3 hxg4 24. Qf6+ Kh7 25. h5 g3 26. hxg6+ fxg6 27. Qh4+
Kg7 28. Qxg3 Rh8 29. Rg2 Rh6 30. Qe3 Rah8 31. Qe4 Qxe4 32. Rxe4 Rh1+ 33. Kf2
Rc8 34. Rd4 Rc7 35. Rd6 a5 36. f5 exf5 37. Rdxg6+ Kf7 38. Ke3 Rc6 39. Rg7+ Ke6
40. R2g6+ Kd5 41. Rxd7+ Kc5 42. d4+ Kb6 43. Rgg7 Re1+ 44. Kd2 1-0

[Event "17. Obert Pobla de Lillet 2007"]
[Site "La Pobla de Lillet ESP"]
[Date "2007.08.03"]
[Round "2.14"]
[White "Duran Burniol, Joan"]
[Black "Capellades Subirana, Marc"]
[Result "1/2-1/2"]
[WhiteElo "2028"]
[BlackElo "2112"]
[PlyCount "73"]
[EventDate "2007.08.02"]
[EventType "swiss"]
[EventRounds "9"]
[EventCountry "ESP"]
[SourceTitle "Ajedrez en Madrid"]
[Source "lmi"]
[SourceDate "2007.08.02"]
[SourceVersion "1"]
[SourceVersionDate "2020.06.30"]
[SourceQuality "1"]

1. f4 d5 2. Nf3 Bf5 3. e3 e6 4. b3 Be7 5. Bb2 Bf6 6. Ne5 Nd7 7. d4 Ne7 8. Nd2
a6 9. Ndf3 Be4 10. Bd3 Nf5 11. Qe2 Nd6 12. O-O Rc8 13. Rac1 O-O 14. Ba3 Be7 15.
Bxe4 Nxe4 16. Bxe7 Qxe7 17. Nxd7 Qxd7 18. c4 c6 19. Nd2 f5 20. Nxe4 fxe4 21. c5
Rf6 22. Rf2 Rcf8 23. Rcf1 Qf7 24. a4 h6 25. a5 Kh7 26. g3 g5 27. fxg5 Rxf2 28.
Rxf2 Qxf2+ 29. Qxf2 Rxf2 30. Kxf2 hxg5 31. g4 Kg6 32. Ke2 Kf6 33. b4 e5 34. Kf2
Ke6 35. Ke2 exd4 36. exd4 Kf6 37. Ke3 1/2-1/2